Momo o la extraña historia de los ladrones del tiempo y de la niña que devolvió el tiempo a los hombres / (Registro nro. 8539)

Detalles MARC
000 -LIDER
fixed length control field 00882nam a22002657a 4500
001 - NÚMERO DE CONTROL
Identificador de número de control 00048752
003 - IDENTIFICACDOR DE NÚMERO DE CONTROL
control field DO-SdBNP
005 - DATE AND TIME OF LATEST TRANSACTION
control field 20241018101631.0
007 - CAMPOS FIJOS DE DESCRIPCIÓN FÍSICA
fixed length control field 00048752
008 - ELEMENTOS DE LONGITUD FIJA
fixed length control field 151104b2002 mx || 00| 0 spa d
020 ## - ISBN
International Standard Book Number 9681902556
040 ## - FUENTE DE CATALOGACIÓN
Agencia que crea de manera original el registro BPMSU
Idioma de catalogación spa
Agencia que realiza la transcripción BPMSU
082 #4 - NÚMERO DE CLASIFICACIÓN DECIMAL DE DEWEY
Classification number 833.91
Item number E56m 2002
Edition number 22
100 1# - ASIENTO PRINCIPAL -- NOMBRE PERSONAL
Nombre personal Ende, Michael,
Fechas asociadas con el nombre 1929-1995.
245 10 - MENCIÓN DE TITULO
Título Momo o la extraña historia de los ladrones del tiempo y de la niña que devolvió el tiempo a los hombres /
Mención de responsabilidad Michael Ende ; traducción de Susana Constante.
246 13 - VARIACION DEL TÍTULO
Título propiamente dicho o título corto Momo
260 ## - PUBLICACIÓN, DISTRIBUCIÓN, ETC. (PIE DE IMPRENTA)
Lugar de publicación, distribución, etc México, D. F. :
Nombre del editor, distribuidor, etc. Alfaguara,
Fecha de publicación, distribución, etc 2002
300 ## - DESCRIPCIÓN FÍSICA
Extensión 274 p. :
Otros detalles físicos il. ;
Dimensiones 22 cm.
590 ## - NOTA LOCAL
Texto de la nota local Inventariado, 2024/VM
650 #4 - ENCABEZAMIENTO DE MATERIA--TEMÁTICO
Término temático o nombre geográfico como elemento de entrada Novela juvenil alemana
650 #4 - ENCABEZAMIENTO DE MATERIA--TEMÁTICO
Término temático o nombre geográfico como elemento de entrada Literatura juvenil alemana
700 1# - ASIENTO SECUNDARIO -- NOMBRE PERSONAL
Nombre personal Constante, Susana,
Fechas asociadas con el nombre 1944-
Mención de responsabilidad traductor
910 ## - VALIDACIÓN
Validación LOPEREZ/VMateo V. Control de calidad. BPMSU
942 ## - ADDED ENTRY ELEMENTS (KOHA)
Source of classification or shelving scheme Dewey Decimal Classification
Koha item type Libros
Existencias
Withdrawn status Lost status Source of classification or shelving scheme Damaged status Not for loan Collection code Home library Current library Date acquired Source of acquisition Total Checkouts Full call number Barcode Date last seen Price effective from Koha item type Copy number
    Dewey Decimal Classification     Colección Juvenil General Biblioteca Pública Metropolitana Salomé Ureña Biblioteca Pública Metropolitana Salomé Ureña 11/04/2015 FUNDI   BPMSU CJG 833.91 E56m 2002 BPMSU15110043 11/04/2015 11/04/2015 Libros  
    Dewey Decimal Classification     Colección General Biblioteca Pública Metropolitana Salomé Ureña Biblioteca Pública Metropolitana Salomé Ureña 12/14/2016 FUNDI   BPMSU CJG 833.91 E56m 2002 BPMSU16120318 12/14/2016 12/14/2016 Libros e.2